| 000 | 01438cam a2200421 a 4500 | ||
|---|---|---|---|
| 001 | 7447270 | ||
| 003 | Nust- CAS-E | ||
| 005 | 20180118181409.0 | ||
| 006 | m o d | ||
| 007 | cr zn| | ||
| 008 | 090805s2009 inua sb 001 0 eng d | ||
| 020 | _z9780470385487 | ||
| 035 | _a(CtWfDGI)bks00029600 | ||
| 035 | _a(NNC)7447270 | ||
| 040 |
_aCtWfDGI _beng _cCtWfDGI |
||
| 050 | 1 | 4 |
_aQA76.76.O63 _bS6526 2009eb |
| 082 | 0 | 4 |
_a005.432 _222 _bSOL-O 2009 |
| 100 | 1 |
_aSolter, Nicholas, _d1977- |
|
| 245 | 1 | 0 |
_aOpenSolaris bible _h[electronic resource] / _cNicholas Solter, Gerald Jelinek, David Miner. |
| 260 |
_aIndianapolis, Ind. : _bWiley Pub., _cc2009 _e(Norwood, Mass. : _fBooks24x7.com [generator]) |
||
| 500 | _aTitle from title screen. | ||
| 502 | _a0 | ||
| 504 | _aIncludes bibliographical references and index. | ||
| 516 | _aText. | ||
| 530 | _aAvailable also in a print ed. | ||
| 538 | _aMode of access: Internet via World Wide Web. | ||
| 550 | _aDigitized and made available by: Books24x7.com. | ||
| 630 | 0 | 0 | _aOpenSolaris (Electronic resource) |
| 650 | 0 | _aOperating systems (Computers) | |
| 650 | 0 | _aOpen source software. | |
| 655 | 7 |
_aElectronic books. _2lcsh |
|
| 700 | 1 |
_aJelinek, Gerald. _4aut |
|
| 700 | 1 |
_aMiner, David. _4aut |
|
| 710 | 2 | _aBooks24x7, Inc. | |
| 856 | 4 | 0 |
_uhttp://www.columbia.edu/cgi-bin/cul/resolve?clio7447270 _zClick here for full text. |
| 942 |
_2ddc _cBK |
||
| 999 |
_c355665 _d355665 |
||